Catálogo
 En Linea

Esculturas militares romanas de España y Portugal / (Registro nro. 25518)

Detalles MARC
000 -CABECERA
campo de control de longitud fija 00935nam a2200229 a 4500
001 - NÚMERO DE CONTROL
campo de control 000026026
005 - FECHA Y HORA DE LA ÚLTIMA TRANSACCIÓN
campo de control 20200930024236.0
008 - DATOS DE LONGITUD FIJA--INFORMACIÓN GENERAL
campo de control de longitud fija 110217s1975 it abc r 000 | spa d
020 ## - NÚMERO INTERNACIONAL ESTÁNDAR DEL LIBRO
Número Internacional Estándar del Libro 8400041283
040 ## - FUENTE DE LA CATALOGACIÓN
Centro catalogador/agencia de origen DO-SdBNP
Lengua de catalogación spa
Centro/agencia transcriptor BNPHU
041 ## - CÓDIGO DE LENGUA
Código de lengua del texto/banda sonora o título independiente spa
Código de lengua original eng
Fuente del código Código de idioma MARC
082 ## - NÚMERO DE LA CLASIFICACIÓN DECIMAL DEWEY
Número de clasificación NNN
Número de documento/Ítem A189e
049 ## - FONDOS LOCALES (OCLC)
Fondos de biblioteca BNGR
100 1# - ENTRADA PRINCIPAL--NOMBRE DE PERSONA
Nombre de persona Acuña Fernández, Paloma
9 (RLIN) 52937
245 10 - MENCIÓN DE TÍTULO
Título Esculturas militares romanas de España y Portugal /
Mención de responsabilidad, etc. Paloma Acuña Fernández.
260 ## - PUBLICACIÓN, DISTRIBUCIÓN, ETC.
Lugar de publicación, distribución, etc. Roma :
Nombre del editor, distribuidor, etc. Consejo Superior de Investigaciones Científicas, Delegación de Roma,
Fecha de publicación, distribución, etc. 1975.
300 ## - DESCRIPCIÓN FÍSICA
Extensión 139, lxxvi p. :
Otras características físicas il. , mapas, retrs. ;
Dimensiones 25 cm.
490 1# - MENCIÓN DE SERIE
Mención de serie Biblioteca de la Escuela Española de Historia y Arqueología en Roma
Designación de volumen o secuencia 16.
505 ## - NOTA DE CONTENIDO CON FORMATO
Información miscelánea t.1
Título Las esculturas thoracatas
500 ## - NOTA GENERAL
Nota general Incluye referencia bibliografía al pie de páginas
830 #0 - PUNTO DE ACCESO ADICIONAL DE SERIE-TÍTULO UNIFORME
Título uniforme Biblioteca de la Escuela Española de Historia y Arqueología en Roma ,
Designación de volumen o secuencia 16
9 (RLIN) 52938
Existencias
Estado de retiro Estado de pérdida Restricciones de uso No para préstamo Código de colección Localización permanente Ubicación/localización actual Ubicación en estantería Fecha de adquisición Número de inventario Total de préstamos Signatura topográfica completa Código de barras Fecha visto por última vez Precio válido a partir de Tipo de ítem Koha
      Excluido de préstamo Monografías: Libros y Folletos General General En catalogación 25.02.2011 LF1   NNN A189e 26026-10 25.06.2020 25.06.2020 No se presta

Con tecnología Koha